zpět

Detail výsledku týmu

U Pošty - Vinohrady ÚT, Praha

Datum a čas kvízu

30.5 Celkem bodů Celkový počet nahraných bodů na tomto kvízu bez doplňovacích otázek.
9. Pořadí na kvízu Konečné umístění týmu na tomto kvízu.

Zaznamenané odpovědi

# Otázka Odpověď Body Výsledky
1. Ručně a stručně vyřešila své p... v Brně 1
2. Vláda jedné země chystá poměrn... Austrálie 1
3. Který bývalý člen kanceláře pr... Jiří Ovčáček 1
4. Minulý týden jsme se dozvěděli... 5 000 Kčs 0
5. V nominaci německé fotbalové r... Lotyšsko 0
6. Robin Hood je britsko-americký... Ridley Scott, Russel Crowe 0
7. Přiřaďte následující herce k p... 1B 2D 3A 4C 1
8. Německý film režiséra Edwarda... Na západní frontě klid, Erich Maria Remarque 1
9. Protektor je film režiséra Mar... Jana Plodková, Marek Daniel 0.5
10. Napište název filmu, z něhož p... Nepřítel před branami 0